Municipios de la isla de Ibiza con mapa - Estadísticas

Estadísticas generales
  • Esta prueba ha sido intentada 148 veces
  • La puntuación promedio es 8 de 10
Respuestas en el mapa
Las respuestas están codificadas por una escala verde-roja en el mapa de la prueba según el % correcto abajo.
 
Estadísticas de respuestas
Población
Municipios
% Correcto
49.727 Ibiza
99%
49.727 Eivissa
99%
36.457 Santa Eulalia del Río
89%
36.457 Santa Eulària des Riu
89%
25.779 San Antonio Abad
82%
25.779 Sant Antoni de Portmany
82%
26.496 San José
73%
26.496 Sant Josep de sa Talaia
73%
6.200 San Juan Bautista
67%
6.200 Sant Joan de Labritja
67%
No se encontraron pruebas coincidentes
Distribución de puntuación
Porcentaje de gente con cada puntuación
Porcentaje por número respondido
Historial de tus puntuaciones
No has intentado esta prueba.